000 00726cam a2200253 a 4500
001 000007901
005 20240306164224.0
008 911023s1986 sp 000 f spa d
020 _a8432230251
040 _aDO-SdBNP
_cDLC
082 _aPe863.44
_bV297ti, 1986
100 1 _aVargas Llosa, Mario,
_d1936-
_912567
245 1 3 _aLa tía Julia y el escribidor /
_cMario Vargas Llosa.
250 _a2a ed.
260 _aBarcelona :
_bSeix Barral,
_c1986.
300 _a447 p. ;
_c18 cm.
490 1 _aBiblioteca de bolsillo
650 4 _aNovela peruana
_912569
650 4 _aLiteratura peruana
_93140
830 0 _aBiblioteca de bolsillo
_95816
910 _aCatalogación por copia / LC
910 _aWM
049 _aBNGR
999 _c7679
_d7679